000 00331nam a2200133Ia 4500
005 20260326235439.0
008 260326s9999||||xx |||||||||||||| ||und||
100 _aRivet, Paul
245 0 _aMaya Cities :
_b Ancient Cities and temples /
_cPaul Rivet
260 _bElek Books
300 _a234 p.
650 _aHISTORIA
942 _cBK
999 _c7324
_d7324